Normal view
MARC view
Entry Topical Term
001 - CONTROL NUMBER
- control field: 264781
003 - CONTROL NUMBER IDENTIFIER
- control field: OSt
005 - DATE AND TIME OF LATEST TRANSACTION
- control field: 20260527155128.0
008 - FIXED-LENGTH DATA ELEMENTS
- fixed length control field: 260527|| aca||aabn | a|a d
040 ## - CATALOGING SOURCE
- Original cataloging agency: OSt
- Transcribing agency: OSt
150 ## - HEADING--TOPICAL TERM
- Topical term or geographic name entry element: Pure Sciences
670 ## - SOURCE DATA FOUND
- Source citation: Work cat.: (OSt)100118: BALA PHONKE. ಬಾಳ ಪೋ೦ಡ್ಕೆ 264779, Shariravo ranarangavo?, 1996